<?xml version="1.0" encoding="UTF-8"?>
<collection xmlns="http://www.loc.gov/MARC21/slim">
 <record>
  <leader>01306nam a2200217Ia 4500</leader>
  <controlfield tag="001">CTU_172629</controlfield>
  <controlfield tag="008">210402s9999    xx            000 0 und d</controlfield>
  <datafield tag="082" ind1=" " ind2=" ">
   <subfield code="a">338.16</subfield>
  </datafield>
  <datafield tag="082" ind1=" " ind2=" ">
   <subfield code="b">C107</subfield>
  </datafield>
  <datafield tag="088" ind1=" " ind2=" ">
   <subfield code="a">60620116</subfield>
  </datafield>
  <datafield tag="100" ind1=" " ind2=" ">
   <subfield code="a">Thị, Cành</subfield>
  </datafield>
  <datafield tag="245" ind1=" " ind2="0">
   <subfield code="a">Đánh giá hiệu quả mô hình ứng dụng kỹ thuật mới trong canh tác tôm sú - lúa tại huyện An Minh, tỉnh Kiên Giang :</subfield>
  </datafield>
  <datafield tag="245" ind1=" " ind2="0">
   <subfield code="b">Thị Cành ; Dương Ngọc Thành (Hướng dẫn khoa học),Luận văn Thạc sĩ Khoa học. Chuyên ngành: Phát triển nông thôn</subfield>
  </datafield>
  <datafield tag="260" ind1=" " ind2=" ">
   <subfield code="a">Cần Thơ</subfield>
  </datafield>
  <datafield tag="260" ind1=" " ind2=" ">
   <subfield code="b">Đại học Cần Thơ</subfield>
  </datafield>
  <datafield tag="260" ind1=" " ind2=" ">
   <subfield code="c">2011</subfield>
  </datafield>
  <datafield tag="520" ind1=" " ind2=" ">
   <subfield code="a">Đề tài giới thiệu tổng quan điều kiện tự nhiên, kinh tế xã hội của tỉnh Kiên Giang, nghiên cứu về mô hình tôm lúa, đánh giá hiệu quả mô hình ứng dụng kỹ thuật mới trong canh tác tôm sú-lúa tại huyện An Minh tỉnh Kiên Giang.</subfield>
  </datafield>
  <datafield tag="650" ind1=" " ind2=" ">
   <subfield code="a">Rice,Lúa gạo,Shrimp culture,Agriculture,Nông nghiệp,Nuôi tôm</subfield>
  </datafield>
  <datafield tag="650" ind1=" " ind2=" ">
   <subfield code="x">Research,Nghiên cứu,Economic aspects,Khía cạnh kinh tế</subfield>
  </datafield>
  <datafield tag="904" ind1=" " ind2=" ">
   <subfield code="i">Hồng Cẩm, Năm</subfield>
  </datafield>
  <datafield tag="980" ind1=" " ind2=" ">
   <subfield code="a">Trung tâm Học liệu Trường Đại học Cần Thơ</subfield>
  </datafield>
 </record>
</collection>
